| 000 | 04101cam a2200457 i 4500 | ||
|---|---|---|---|
| 001 | 17906299 | ||
| 003 | NUST | ||
| 005 | 20220210124430.0 | ||
| 008 | 131017s2014 nyu 000 0 eng | ||
| 010 | _a 2013038876 | ||
| 020 | _a9780399165313 (hardback) | ||
| 038 | _awaseem | ||
| 040 |
_aDLC _beng _cDLC _erda _dDLC |
||
| 042 | _apcc | ||
| 050 | 0 | 0 |
_aHM846 _b.H38 2014 |
| 082 | 0 | 0 |
_a303.483 _bHAV |
| 084 |
_aTEC052000 _aSEL016000 _aSEL027000 _2bisacsh |
||
| 100 | 1 |
_aHavens, John C. _988929 |
|
| 245 | 1 | 0 |
_aHacking h(app)iness : _bwhy your personal data counts and how tracking it can change the world / _cJohn C. Havens. |
| 246 | 1 | _aHacking happiness | |
| 264 | 1 |
_aNew York : _bPenguin Group, _c2014. |
|
| 300 |
_axxxvi, 268 pages ; _c24 cm |
||
| 336 |
_atext _2rdacontent |
||
| 337 |
_aunmediated _2rdamedia |
||
| 338 |
_avolume _2rdacarrier |
||
| 505 | 8 | _aMachine generated contents note: Introduction -- SECTION ONE - Identity and Measurement in the Connected World -- Chapter One: Your Identity in the Connected World Chapter Two: Accountability Based Influence Chapter Three: Personal Identity Management Chapter Four: Mobile Sensors Chapter Five: Quantified Self Chapter Six: The Internet of Things Chapter Seven: Artificial Intelligence -- SECTION TWO - Broadcasting Value in the Personal Data Economy -- Chapter Eight: Big Data Chapter Nine: Augmented Reality Chapter Ten: Virtual Currency Chapter Eleven: Shared Value Chapter Twelve: From Consumer to Creator -- SECTION THREE - Promoting Personal and Public Well-Being -- Chapter Thirteen: The Economy of Regard Chapter Fourteen: Positive Psychology Chapter Fifteen: Flow Chapter Sixteen: Altruism Chapter Seventeen: The Value of a Happiness Economy Chapter Eighteen: Beyond GDP Chapter Nineteen: Getting H(app)y Chapter Twenty: Hacking H(app)iness -- SECTION FOUR - Hacking your H(app)iness -- Acknowledgements Endnotes . | |
| 520 |
_a"In Hacking Happiness, futurist and contributing Mashable writer John C. Havens introduces you to your "quantified self"-your digital identity represented by gigabytes of data produced from tracking your activities on your smartphone and computer. Harvested by megacorporations such as Google, Facebook, and Amazon, Havens argues that companies gather this data because of its immense economic value, encouraging a culture of "sharing" as they hoard the information based on our lives for private monetary gain. But there's an alternative to this digital dystopia. Emerging technologies will help us reclaim this valuable data for ourselves, so we can directly profit from the insights linked to our quantified selves. At the same time, sensors in smartphones and wearable devices will help us track our emotions to improve our well-being based on the science of positive psychology. Havens proposes that these trends will lead to new economic policies that redefine the meaning of "wealth," allowing governments to create policy focused on purpose rather than productivity. An issues book highlighting the benefits of an examined life in the digital world, this timely work takes the trepidation out of the technological renaissance and illustrates how the fruits of the Information Age can improve our lives for a happier humanity"-- _cProvided by publisher. |
||
| 563 | _aHBK. | ||
| 650 | 0 |
_aTechnological innovations _xSocial aspects. _988930 |
|
| 650 | 0 |
_aSelf-monitoring. _988931 |
|
| 650 | 0 |
_aData mining _xSocial aspects. _988932 |
|
| 650 | 0 |
_aWell-being. _988933 |
|
| 650 | 0 |
_aHappiness. _988934 |
|
| 650 | 7 |
_aTECHNOLOGY & ENGINEERING / Social Aspects. _2bisacsh _988935 |
|
| 650 | 7 |
_aSELF-HELP / Personal Growth / Happiness. _2bisacsh _988936 |
|
| 650 | 7 |
_aSELF-HELP / Personal Growth / Success. _2bisacsh _988937 |
|
| 856 | 4 | 2 |
_3Cover image _uftp://ppftpuser:welcome@ftp01.penguingroup.com/Booksellers and Media/Covers/2008_2009_New_Covers/9780399165313.jpg |
| 906 |
_a7 _bcbc _corignew _d1 _eecip _f20 _gy-gencatlg |
||
| 942 |
_2ddc _cBK |
||
| 999 |
_c587817 _d587817 |
||